000 00501nam a22001697a 4500
005 20251108165007.0
008 250721s1985 xx 000 0 ara d
082 1 4 _a530/أحم
100 1 _aعمار، أحمد شوقي
245 1 0 _aالفيزياء العملية /
264 1 _aبيروت :
_bدار الراتب الجامعية،
_c1985.
300 _a
490 0 _aسلسلة الفيزياء الهندسية ؛ 8
650 1 7 _aالفيزياء
942 _2ddc
_cBK
999 _c19329
_d19329